LEADER 02780nam 2200601Ia 450 001 9910450385703321 005 20200520144314.0 010 $a1-280-50953-8 010 $a9786610509539 010 $a1-84544-792-1 035 $a(CKB)1000000000242842 035 $a(EBL)253959 035 $a(OCoLC)62534487 035 $a(SSID)ssj0000465306 035 $a(PQKBManifestationID)11310573 035 $a(PQKBTitleCode)TC0000465306 035 $a(PQKBWorkID)10439023 035 $a(PQKB)10365579 035 $a(MiAaPQ)EBC253959 035 $a(Au-PeEL)EBL253959 035 $a(CaPaEBR)ebr10103400 035 $a(CaONFJC)MIL50953 035 $a(OCoLC)133169029 035 $a(EXLCZ)991000000000242842 100 $a20000815d2005 uy 0 101 0 $aeng 135 $aurcn||||||||| 181 $ctxt 182 $cc 183 $acr 200 00$aAccounting research and the public interest$b[electronic resource] /$fguest editors: Dean Neu and Cameron Graham 210 $aBradford, England $cEmerald Group Publishing$dc2005 215 $a1 online resource (129 p.) 225 0 $aAccounting, auditing & accountability journal ;$vv. 18, no. 5 300 $aDescription based upon print version of record. 311 $a1-84544-791-3 327 $aCONTENTS; EDITORIAL ADVISORY BOARD; Editorial; Accounting for the public interest: public ineffectuals or public intellectuals?; The rules are no game; Accounting for the public interest: a Japanese perspective; Public sector reforms and the public interest; Accounting and the public interest; What is the meaning of "the public interest"?; Call for papers; Announcement: APIRA 2007; Contents page for Pacific Accounting Review 330 $aThis e-book seeks to promote not just accounting in the public interest, but accounting(s) that are in the public interest(s). The included studies encourage us to reconsider some of our previously held preconceptions of how accounting impacts public interests. They also challenge us to explore how various public interests impact various aspects of accounting. Through a consideration of the intersection of accounting and the public interest in a variety of settings, these studies remind us of the multi-faceted nature of the nexus between accounting technologies, policies, practices, and society 606 $aAccounting 606 $aFinance, Public 608 $aElectronic books. 615 0$aAccounting. 615 0$aFinance, Public. 676 $a657 701 $aGraham$b Cameron$0924734 701 $aNeu$b Dean$0924735 801 0$bMiAaPQ 801 1$bMiAaPQ 801 2$bMiAaPQ 906 $aBOOK 912 $a9910450385703321 996 $aAccounting research and the public interest$92075655 997 $aUNINA LEADER 01422nam a2200301 i 4500 001 991000711149707536 008 060630s1992 enk u 000 0 eng d 020 $a0580199630 035 $ab13899491-39ule_inst 040 $aDip.to Ingegneria dell'Innovazione$beng 082 0 $a620.82$222 245 00$aGuide to evaluation of human exposure to vibration in buildings (1Hz to 80 Hz) :$bBS 6472: 1992 /$cBSI 246 13$aBS 6472: 1992 250 $a2nd ed. 260 $aLondon :$bBritish Standards Institution,$cc1992 300 $a20 p. ;$c28 cm 440 0$aBritish Standard ;$vBS 6472: 1992 500 $aPrepared by the General Mechanical Engineering Standards Policy Committee (GME/-) to Technical Committee GME/21 546 $aText in English with parallel title in French and in German 650 4$aHuman engineering$xStandards 650 4$aBiomechanics$xStandards 710 2 $aBritish Standards Institution.$bStandards Policy Committee General Mechanical Engineering.$bTechnical Committee GME/21 907 $a.b13899491$b02-07-13$c29-04-10 912 $a991000711149707536 945 $aLE026 NOR BS 6472 1992$g1$i2026000030951$lle026$nProf. Messina / Biblioteca$op$pE171.58$q-$rn$s- $t1$u0$v0$w0$x0$y.i15124319$z06-05-10 996 $aGuide to evaluation of human exposure to vibration in buildings (1Hz to 80 Hz)$9227557 997 $aUNISALENTO 998 $ale026$b30-06-06$cm$da $e-$feng$git $h0$i0 LEADER 01796nas 2200481- 450 001 9910703475003321 005 20241218115116.0 035 $a(OCoLC)847501075 035 $a(CKB)991042731892886 035 $a(CONSER)--2014231050 035 $a(DcWaBHL)32407 035 $a(EXLCZ)99991042731892886 100 $a20120412a19879999 |f- - 101 0 $aeng 135 $aur||||||||||| 181 $ctxt$2rdacontent 182 $cc$2rdamedia 183 $acr$2rdacarrier 200 10$a... Annual report to the governments of Canada, United States, Saskatchewan, and Montana /$fby the Poplar River Bilateral Monitoring Committee 210 1$aRegina, Saskatchewan :$cPoplar River Bilateral Monitoring Committee,$d1987- 215 $a1 online resource 311 08$a1702-2886 606 $aWater quality$zPoplar River Watershed (Sask. and Mont.)$vPeriodicals 606 $aAir quality$zPoplar River Watershed (Sask. and Mont.)$vPeriodicals 606 $aEnvironmental monitoring$zPoplar River Watershed (Sask. and Mont.)$vPeriodicals 606 $aAir quality$2fast$3(OCoLC)fst00802503 606 $aEnvironmental monitoring$2fast$3(OCoLC)fst00913214 606 $aWater quality$2fast$3(OCoLC)fst01171832 607 $aNorth America$zPoplar River Watershed$2fast 608 $aPeriodicals.$2fast 608 $aPeriodicals.$2lcgft 608 $aE-journal.$2local 608 $aseries.$2marcgt 615 0$aWater quality 615 0$aAir quality 615 0$aEnvironmental monitoring 615 7$aAir quality. 615 7$aEnvironmental monitoring. 615 7$aWater quality. 906 $aJOURNAL 912 $a9910703475003321 996 $a.. Annual report to the governments of Canada, United States, Saskatchewan, and Montana$93196010 997 $aUNINA